000 00304nam a22001337a 4500
008 170330b xxu||||| |||| 00| 0 eng d
020 _a0815190824
041 _aeng
080 _a616-053.2
100 _a8
101 _aSHM
245 _aPEDIATRIC GASTROINTESTINAL DISEASE
_cWALKER.W.A
942 _2udc
_cBK
999 _c9126
_d9126